[Event "71st RUS-ch Higher League 2018"]
[Site "Yaroslavl"]
[Date "2018.07.05"]
[Round "9"]
[White "Vavulin, Maksim"]
[Black "Zakaryan, David"]
[Result "1-0"]
[WhiteElo "2552"]
[BlackElo "2387"]
[Annotator "ChessBase"]
[PlyCount "107"]
[EventDate "2018.06.26"]
[EventType "swiss"]
[EventCountry "RUS"]
[SourceTitle "playchess.com"]
[Source "ChessBase"]
[SourceQuality "1"]
[TimeControl "40/5400+30:1800+30"]

1. e4 {[%emt 0:00:00]} c5 {[%emt 0:00:00]} 2. d3 {[%emt 0:00:00]} Nc6 {[%emt 0:00:00]} 3. g3 {[%emt 0:00:00]} g6 {[%emt 0:00:00]} 4. Bg2 {[%emt 0:00:00]} Bg7 {[%emt 0:00:02]} 5. f4 {[%emt 0:00:06]} e6 {[%emt 0:00:14]} 6. Nf3 {[%emt 0:00:06]} Nge7 {[%emt 0:00:07]} 7. O-O {[%emt 0:00:10]} O-O {[%emt 0:00:29]} 8. c3 {[%emt 0:00:07]} b6 {[%emt 0:00:54]} 9. Be3 {[%emt 0:00:35]} Ba6 {[%emt 0:03:17]} 10. Bf2 {[%emt 0:00:19]} Qc7 {[%emt 0:01:01]} 11. Re1 {[%emt 0:01:28]} Rac8 {[%emt 0:03:24]} 12. Na3 {[%emt 0:01:15]} Rfd8 {[%emt 0:00:49]} 13. Nc2 {[%emt 0:01:08]} h6 {[%emt 0:05:09]} 14. Kh1 {[%emt 0:07:29]} f5 {[%emt 0:00:17]} 15. Qd2 {[%emt 0:17:25]} Kh7 {[%emt 0:03:52]} 16. Rad1 {[%emt 0:00:31]} d5 {[%emt 0:04:03]} 17. e5 {[%emt 0:20:17]} Bb7 {[%emt 0:03:36]} 18. h4 {[%emt 0:04:44]} Rg8 {[%emt 0:02:59]} 19. h5 {[%emt 0:02:09]} gxh5 {[%emt 0:00:11]} 20. Kh2 {[%emt 0:07:08]} Ng6 {[%emt 0:01:36]} 21. d4 {[%emt 0:01:03]} Bf8 {[%emt 0:06:45]} 22. Rh1 {[%emt 0:01:22]} Be7 {[%emt 0:02:18]} 23. Kg1 {[%emt 0:00:56]} h4 {[%emt 0:00:09]} 24. gxh4 {[%emt 0:00:40]} Ba6 {[%emt 0:04:34]} 25. Rh2 {[%emt 0:04:01]} Na5 {[%emt 0:02:25]} 26. h5 {[%emt 0:03:33]} Nh8 {[%emt 0:00:14]} 27. Kh1 {[%emt 0:00:27]} Rg7 {[%emt 0:00:57]} 28. Rg1 {[%emt 0:07:48]} Rcg8 {[%emt 0:02:18]} 29. b3 {[%emt 0:01:08]} Nc6 {[%emt 0:01:58]} 30. c4 {[%emt 0:01:40]} dxc4 {[%emt 0:04:52]} 31. d5 {[%emt 0:00:21]} c3 {[%emt 0:00:46]} 32. Qd1 {[%emt 0:03:34]} exd5 {[%emt 0:00:56]} 33. Ne3 {[%emt 0:00:18]} Qd7 {[%emt 0:03:30]} 34. Bh3 {[%emt 0:04:49]} Rxg1+ {[%emt 0:04:05]} 35. Bxg1 {[%emt 0:00:11]} Rf8 {[%emt 0:00:12]} 36. Nxd5 {[%emt 0:06:19]} Nd4 {[%emt 0:01:36]} 37. Nxc3 {[%emt 0:00:17]} Bb7 {[%emt 0:01:59]} 38. Bg2 {[%emt 0:00:11]} Rd8 {[%emt 0:00:17]} 39. Nxd4 {[%emt 0:02:22]} cxd4 {[%emt 0:01:02]} 40. Ne2 {[%emt 0:00:00]} d3 {[%emt 0:00:00]} 41. Nd4 {[%emt 0:06:05]} Be4 {[%emt 0:06:02]} 42. Qe1 {[%emt 0:03:41]} Qd5 {[%emt 0:10:52]} 43. Nxf5 {[%emt 0:04:56]} Bxg2+ {[%emt 0:00:05]} 44. Rxg2 {[%emt 0:00:06]} Rg8 {[%emt 0:00:02]} 45. Ng3 {[%emt 0:04:30]} d2 {[%emt 0:00:54]} 46. Qb1+ {[%emt 0:02:49]} Ng6 {[%emt 0:00:09]} 47. hxg6+ {[%emt 0:00:15]} Rxg6 {[%emt 0:01:36]} 48. Ne4 {[%emt 0:00:16]} Qe6 {[%emt 0:09:15]} 49. Nf6+ {[%emt 0:02:32]} Kh8 {[%emt 0:00:01]} 50. Qxg6 {[%emt 0:00:21]} Qh3+ {[%emt 0:00:10]} 51. Rh2 {[%emt 0:00:08]} Qf3+ {[%emt 0:00:10]} 52. Qg2 {[%emt 0:00:05]} Qxg2+ {[%emt 0:00:59]} 53. Rxg2 {[%emt 0:00:09]} d1=N {[%emt 0:00:09]} 54. Rg8# {[%emt 0:00:05]} 1-0

[Event "71st RUS-ch Higher League 2018"]
[Site "Yaroslavl"]
[Date "2018.07.05"]
[Round "9"]
[White "Ovetchkin, Roman"]
[Black "Oganian, Miran"]
[Result "1/2-1/2"]
[WhiteElo "2546"]
[BlackElo "2432"]
[Annotator "TA"]
[PlyCount "118"]
[EventDate "2018.06.26"]
[EventType "swiss"]
[EventCountry "RUS"]
[SourceTitle "playchess.com"]
[Source "ChessBase"]
[SourceQuality "1"]

{[%evp 19,118,18,34,24,19,-37,-45,-41,-37,-43,-41,-40,-29,-29,-33,-29,-27,-25,-35,-34,-24,-27,-27,-25,-28,-27,-24,-42,-31,-45,-40,-38,-42,-54,-47,-46,0,0,0,0,0,0,0,0,0,6,9,0,0,0,0,0,0,0,5,0,8,0,0,0,9,0,0,0,0,0,0,0,0,0,0,-32,-32,-32,-32,-32,-32,-32,-33,-33,0,0,0,0,0,0,0,0,0,0,0,0,0,0,0,0,0,0,0,0,0]} 1. e4 c5 2. Nf3 g6 3. d4 cxd4 4. Qxd4 Nf6 {[%cal Bg8f6,Bf6d5,Bd5b4,Bb4a6,Ba6c7][%mdl 32]} 5. e5 Nc6 6. Qa4 Nd5 7. Qe4 Ndb4 8. Bb5 Bg7 {B27: Sicilian: 2 Nf3, unusual Black 2nd moves} 9. a3 Na6 10. O-O O-O {LiveBook: 3 Games} 11. Re1 Nc7 12. Bc4 ({Better is} 12. Bxc6 $11 dxc6 13. Qb4) 12... Nxe5 $15 13. Nxe5 d5 14. Qh4 $146 {[#] And now Bd3 would win.} ({Predecessor:} 14. Nxf7 Rxf7 15. Rd1 Qd6 16. Qe2 Qc5 17. Bb3 Bg4 18. Qe1 Bxd1 19. Be3 Bd4 20. Bxd4 Qxd4 21. c3 Qb6 {0-1 (21) Chapman,T (2222)-Conquest,S (2563) London 2009}) 14... dxc4 15. Nc3 Nd5 16. Nxd5 Qxd5 17. Bh6 Bf6 18. Qxc4 Qxc4 19. Nxc4 Rd8 20. c3 Be6 21. Nd2 Bg7 22. Bf4 Rd7 23. Ne4 b6 24. Rad1 Rad8 25. Rxd7 Rxd7 26. Nd2 h6 27. h4 Bf6 28. Bxh6 Bxh4 29. Ne4 Bf5 30. g3 Bxe4 31. Rxe4 $11 {[%mdl 4096] Endgame KRB-KRB} Bf6 32. Be3 b5 33. a4 a6 34. axb5 axb5 35. Rb4 Rd5 36. Rb3 Be5 37. Ra3 f6 38. Kf1 Kf7 39. Ke2 Ke6 40. Bd2 Kf5 41. Ra7 Bd6 42. Rb7 g5 43. b3 Re5+ 44. Be3 Kg4 45. Rb6 f5 {[#] Strongly threatening ...f4.} 46. Kd3 Rd5+ 47. Ke2 $1 f4 48. gxf4 gxf4 49. Bd4 e5 (49... b4 $5 50. Rc6 e5 51. f3+ Kf5 $15) 50. f3+ {The position is equal.} Kf5 51. Bf2 {Hoping for c4.} e4 52. c4 bxc4 53. bxc4 exf3+ 54. Kxf3 Rd3+ 55. Ke2 Ke4 56. c5 {Rb4+ is the strong threat.} f3+ 57. Ke1 Be5 58. Rb4+ Kd5 {( -> ...Bc3+)} 59. Rb1 Bd4 {Precision: White = 65%, Black = 77%.} 1/2-1/2

[Event "71st RUS-ch Higher League 2018"]
[Site "Yaroslavl"]
[Date "2018.07.05"]
[Round "9"]
[White "Sychev, Klementy"]
[Black "Usmanov, Vasily"]
[Result "1/2-1/2"]
[WhiteElo "2527"]
[BlackElo "2477"]
[Annotator "ChessBase"]
[PlyCount "109"]
[EventDate "2018.06.26"]
[EventType "swiss"]
[EventCountry "RUS"]
[SourceTitle "playchess.com"]
[Source "ChessBase"]
[SourceQuality "1"]
[TimeControl "40/5400+30:1800+30"]

1. Nf3 {[%emt 0:00:00]} Nf6 {[%emt 0:00:50]} 2. g3 {[%emt 0:00:26]} b5 {[%emt 0:02:30]} 3. Bg2 {[%emt 0:00:15]} Bb7 {[%emt 0:00:04]} 4. O-O {[%emt 0:01:30]} e6 {[%emt 0:03:50]} 5. d3 {[%emt 0:00:19]} d5 {[%emt 0:01:12]} 6. c4 {[%emt 0:01:34]} c6 {[%emt 0:05:28]} 7. Nbd2 {[%emt 0:18:29]} Be7 {[%emt 0:04:14]} 8. e4 {[%emt 0:03:40]} bxc4 {[%emt 0:06:27]} 9. dxc4 {[%emt 0:04:55]} Nxe4 {[%emt 0:03:00]} 10. Nxe4 {[%emt 0:00:13]} dxe4 {[%emt 0:00:03]} 11. Qxd8+ {[%emt 0:00:43]} Bxd8 {[%emt 0:00:37]} 12. Nd4 {[%emt 0:05:39]} Bb6 {[%emt 0:28:54]} 13. Be3 {[%emt 0:03:20]} c5 {[%emt 0:01:16]} 14. Nb5 {[%emt 0:00:38]} Ke7 {[%emt 0:00:14]} 15. Rad1 {[%emt 0:03:50]} Nc6 {[%emt 0:01:54]} 16. Nd6 {[%emt 0:18:05]} Ba6 {[%emt 0:00:17]} 17. b3 {[%emt 0:16:24]} Rad8 {[%emt 0:04:07]} 18. Nxe4 {[%emt 0:00:11]} Nd4 {[%emt 0:00:05]} 19. Nc3 {[%emt 0:03:39]} Ba5 {[%emt 0:01:39]} 20. Na4 {[%emt 0:01:20]} Bb4 {[%emt 0:00:06]} 21. Kh1 {[%emt 0:01:21]} Rd7 {[%emt 0:05:10]} 22. f4 {[%emt 0:04:01]} Rhd8 {[%emt 0:01:00]} 23. Rd3 {[%emt 0:00:11]} Bb7 {[%emt 0:05:16]} 24. Bxb7 {[%emt 0:01:13]} Rxb7 {[%emt 0:00:02]} 25. Rfd1 {[%emt 0:02:57]} Rbd7 {[%emt 0:00:06]} 26. Kg2 {[%emt 0:00:19]} Rd6 {[%emt 0:02:30]} 27. Kf2 {[%emt 0:04:06]} h5 {[%emt 0:00:36]} 28. Bc1 {[%emt 0:02:46]} Nf5 {[%emt 0:07:43]} 29. Rxd6 {[%emt 0:00:07]} Rxd6 {[%emt 0:00:07]} 30. Rxd6 {[%emt 0:01:23]} Kxd6 {[%emt 0:00:03]} 31. Bb2 {[%emt 0:00:13]} Kc6 {[%emt 0:01:30]} 32. h3 {[%emt 0:00:53]} f6 {[%emt 0:01:28]} 33. g4 {[%emt 0:00:16]} hxg4 {[%emt 0:00:03]} 34. hxg4 {[%emt 0:00:04]} Nd6 {[%emt 0:00:07]} 35. Kf3 {[%emt 0:00:23]} Bd2 {[%emt 0:00:24]} 36. Nc3 {[%emt 0:01:40]} Bxc3 {[%emt 0:07:57]} 37. Bxc3 {[%emt 0:00:02]} Nf7 {[%emt 0:00:08]} 38. Ke4 {[%emt 0:01:02]} Kd7 {[%emt 0:01:08]} 39. Bd2 {[%emt 0:00:38]} g6 {[%emt 0:00:26]} 40. Bc3 {[%emt 0:00:00]} Nd6+ {[%emt 0:00:00]} 41. Kd3 {[%emt 0:07:25]} f5 {[%emt 0:01:06]} 42. gxf5 {[%emt 0:02:30]} exf5 {[%emt 0:00:04]} 43. a3 {[%emt 0:03:13]} Kc6 {[%emt 0:02:39]} 44. b4 {[%emt 0:01:20]} a6 {[%emt 0:00:14]} 45. Bd2 {[%emt 0:00:23]} Ne4 {[%emt 0:02:20]} 46. Be3 {[%emt 0:00:13]} cxb4 {[%emt 0:03:07]} 47. axb4 {[%emt 0:00:05]} Nd6 {[%emt 0:01:18]} 48. Bf2 {[%emt 0:04:55]} Ne8 {[%emt 0:02:13]} 49. Kd4 {[%emt 0:05:29]} Kd6 {[%emt 0:00:13]} 50. c5+ {[%emt 0:07:04]} Ke6 {[%emt 0:00:30]} 51. Kc4 {[%emt 0:00:07]} Nc7 {[%emt 0:02:23]} 52. Be1 {[%emt 0:00:07]} Nb5 {[%emt 0:01:50]} 53. Bd2 {[%emt 0:00:13]} Na7 {[%emt 0:01:23]} 54. Bc3 {[%emt 0:00:54]} Nb5 {[%emt 0:01:10]} 55. Bd2 {[%emt 0:00:54] Ke5} 1/2-1/2

[Event "71st RUS-ch Higher League 2018"]
[Site "Yaroslavl"]
[Date "2018.07.05"]
[Round "9"]
[White "Lobanov, Sergei"]
[Black "Bykov, Oleg"]
[Result "1/2-1/2"]
[WhiteElo "2521"]
[BlackElo "2375"]
[Annotator "ChessBase"]
[PlyCount "154"]
[EventDate "2018.06.26"]
[EventType "swiss"]
[EventCountry "RUS"]
[SourceTitle "playchess.com"]
[Source "ChessBase"]
[SourceQuality "1"]
[TimeControl "40/5400+30:1800+30"]

1. e4 {[%emt 0:00:00]} e6 {[%emt 0:00:00]} 2. d4 {[%emt 0:00:00]} d5 {[%emt 0:00:00]} 3. Nc3 {[%emt 0:00:00]} Nc6 {[%emt 0:00:17]} 4. Nf3 {[%emt 0:01:02]} Nf6 {[%emt 0:00:08]} 5. e5 {[%emt 0:03:52]} Ne4 {[%emt 0:00:06]} 6. a3 {[%emt 0:00:53]} Nxc3 {[%emt 0:05:30]} 7. bxc3 {[%emt 0:00:01]} Na5 {[%emt 0:00:27]} 8. Bd3 {[%emt 0:03:22]} Be7 {[%emt 0:01:02]} 9. h4 {[%emt 0:01:59]} h6 {[%emt 0:01:47]} 10. Rh3 {[%emt 0:07:02]} c5 {[%emt 0:02:50]} 11. h5 {[%emt 0:00:59]} Qc7 {[%emt 0:07:09]} 12. Rg3 {[%emt 0:03:14]} c4 {[%emt 0:11:29]} 13. Be2 {[%emt 0:02:35]} Rh7 {[%emt 0:00:22]} 14. Qd2 {[%emt 0:05:55]} Bd7 {[%emt 0:01:02]} 15. Qf4 {[%emt 0:03:40]} Ba4 {[%emt 0:02:01]} 16. Bd1 {[%emt 0:00:09]} Bf8 {[%emt 0:01:29]} 17. Nh4 {[%emt 0:18:08]} O-O-O {[%emt 0:08:38]} 18. Rf3 {[%emt 0:03:05]} Be8 {[%emt 0:11:32]} 19. Ng6 {[%emt 0:04:36]} Bc5 {[%emt 0:12:32]} 20. Qg4 {[%emt 0:16:48]} Qd7 {[%emt 0:09:06]} 21. dxc5 {[%emt 0:04:56]} fxg6 {[%emt 0:00:07]} 22. hxg6 {[%emt 0:00:06]} Rh8 {[%emt 0:00:11]} 23. Be3 {[%emt 0:06:01]} Nc6 {[%emt 0:00:36]} 24. Bd4 {[%emt 0:01:18]} Kb8 {[%emt 0:03:28]} 25. Rb1 {[%emt 0:06:04]} Ne7 {[%emt 0:00:32]} 26. Qh3 {[%emt 0:01:47]} Bxg6 {[%emt 0:00:34]} 27. Rg3 {[%emt 0:00:19]} Bf5 {[%emt 0:02:21]} 28. Qh5 {[%emt 0:01:07]} g6 {[%emt 0:00:57]} 29. Qe2 {[%emt 0:00:26]} g5 {[%emt 0:00:45]} 30. Qd2 {[%emt 0:00:08]} Rdf8 {[%emt 0:01:57]} 31. Bh5 {[%emt 0:00:25]} Qa4 {[%emt 0:01:13]} 32. f4 {[%emt 0:02:43]} gxf4 {[%emt 0:04:43]} 33. Rg7 {[%emt 0:00:16]} Rh7 {[%emt 0:00:04]} 34. Rxh7 {[%emt 0:01:59]} Bxh7 {[%emt 0:00:05]} 35. Bd1 {[%emt 0:00:11]} Qxa3 {[%emt 0:00:53]} 36. Kf2 {[%emt 0:00:36]} Be4 {[%emt 0:02:12]} 37. Bg4 {[%emt 0:00:58]} Bf5 {[%emt 0:05:11]} 38. Bf3 {[%emt 0:01:21]} Qa4 {[%emt 0:00:27]} 39. Rc1 {[%emt 0:00:28]} Ng6 {[%emt 0:02:11]} 40. Bh5 {[%emt 0:00:00]} Qe8 {[%emt 0:00:00]} 41. Ra1 {[%emt 0:01:21]} Qe7 {[%emt 0:02:51]} 42. Kg1 {[%emt 0:02:01]} Qc7 {[%emt 0:15:00]} 43. Bxg6 {[%emt 0:09:25]} Bxg6 {[%emt 0:00:04]} 44. Rf1 {[%emt 0:00:04]} Qg7 {[%emt 0:03:57]} 45. Rxf4 {[%emt 0:15:11]} Rxf4 {[%emt 0:03:31]} 46. Qxf4 {[%emt 0:00:01]} Be4 {[%emt 0:00:45]} 47. g3 {[%emt 0:02:02]} a5 {[%emt 0:00:39]} 48. c6 {[%emt 0:00:35]} bxc6 {[%emt 0:01:49]} 49. Bb6 {[%emt 0:03:33]} a4 {[%emt 0:00:24]} 50. Bc5 {[%emt 0:00:03]} Kb7 {[%emt 0:01:05]} 51. Kf2 {[%emt 0:00:42]} Ka6 {[%emt 0:02:46]} 52. Ke1 {[%emt 0:01:59]} Bxc2 {[%emt 0:02:20]} 53. Kd2 {[%emt 0:00:03]} Bf5 {[%emt 0:00:56]} 54. Qe3 {[%emt 0:00:58]} Kb5 {[%emt 0:00:38]} 55. Ba3 {[%emt 0:00:17]} Qg5 {[%emt 0:00:04]} 56. Qxg5 {[%emt 0:00:13]} hxg5 {[%emt 0:00:01]} 57. Ke3 {[%emt 0:00:07]} c5 {[%emt 0:00:09]} 58. Bb2 {[%emt 0:00:56]} d4+ {[%emt 0:03:05]} 59. cxd4 {[%emt 0:00:12]} cxd4+ {[%emt 0:00:24]} 60. Bxd4 {[%emt 0:00:18]} Kb4 {[%emt 0:01:16]} 61. Kd2 {[%emt 0:00:04]} Kb3 {[%emt 0:00:29]} 62. Bc3 {[%emt 0:00:05]} Ka2 {[%emt 0:00:19]} 63. Kc1 {[%emt 0:00:05]} a3 {[%emt 0:00:13]} 64. Bd4 {[%emt 0:00:11]} Kb3 {[%emt 0:00:15]} 65. Kd2 {[%emt 0:00:05]} Be4 {[%emt 0:01:00]} 66. Bc3 {[%emt 0:00:07]} Bd3 {[%emt 0:00:02]} 67. Bd4 {[%emt 0:00:04]} Kb4 {[%emt 0:00:13]} 68. Bc3+ {[%emt 0:00:16]} Kc5 {[%emt 0:00:04]} 69. Ke3 {[%emt 0:00:08]} Kc6 {[%emt 0:01:11]} 70. Kd4 {[%emt 0:01:37]} Kd7 {[%emt 0:00:26]} 71. Bb4 {[%emt 0:00:44]} a2 {[%emt 0:00:06]} 72. Bc3 {[%emt 0:00:03]} Ke7 {[%emt 0:00:04]} 73. Ke3 {[%emt 0:00:07]} Kf7 {[%emt 0:00:10]} 74. Bb2 {[%emt 0:00:28]} Kg6 {[%emt 0:00:04]} 75. Bc3 {[%emt 0:00:09]} Kf5 {[%emt 0:00:05]} 76. Bb2 {[%emt 0:00:11]} Kg4 {[%emt 0:00:06]} 77. Kf2 {[%emt 0:00:04]} Kf5 {[%emt 0:00:22]} 1/2-1/2

[Event "71st RUS-ch Higher League 2018"]
[Site "Yaroslavl"]
[Date "2018.07.05"]
[Round "9"]
[White "Moiseenko, Vadim"]
[Black "Bykov, Egor"]
[Result "0-1"]
[WhiteElo "2517"]
[BlackElo "2373"]
[Annotator "TA"]
[PlyCount "56"]
[EventDate "2018.06.26"]
[EventType "swiss"]
[EventCountry "RUS"]
[SourceTitle "playchess.com"]
[Source "ChessBase"]
[SourceQuality "1"]

{[%evp 14,55,0,0,0,-7,0,-12,0,-7,12,-10,-6,-26,-27,-14,-13,-29,0,-114,-43,-43,-45,-99,-71,-418,-429,-439,-412,-427,-435,-1265,-1256,-1759,-1750,-1742,-1632,-2002,-1993,-1993,-1957,-29998,-29999,-29999]} 1. e4 e5 2. d4 exd4 3. Qxd4 Nc6 4. Qe3 Nf6 5. Bd2 Bb4 (5... Be7 6. Nc3 d5 7. Nxd5 Nxd5 8. exd5 Qxd5 9. Ne2 O-O 10. Nf4 Qc5 11. O-O-O Bf5 12. Qxc5 Bxc5 13. Bd3 Bxd3 14. Nxd3 Bb6 15. Rhe1 Rfe8 16. c3 Kf8 {½-½ (60) Artemiev,V (2704)-Fedoseev,V (2706) Poikovsky 2018}) 6. c3 {C22: Mittelgambit} Ba5 7. c4 Bxd2+ 8. Nxd2 {LiveBook: 3 Partien. Die Stellung ist ausgeglichen.} O-O 9. Ne2 $146 ({Vorgänger:} 9. O-O-O Re8 10. f3 a5 11. Ne2 d5 12. Nb1 Qd6 13. Nbc3 {1-0 (27) Munoz Pantoja,M (2497)-Nielsen,R (2353) Kollafjord 2017}) 9... d6 10. f3 Nd7 11. O-O-O a6 12. Nf4 Nc5 13. g4 Rb8 14. h4 b5 15. g5 Be6 16. Nh5 (16. Kb1 $11) 16... bxc4 (16... Qe8 $17 17. Nf4 bxc4 18. Nxe6 fxe6 19. Bxc4 Ne5) 17. Nxc4 $15 Qe8 {Und ...f5 würde nun gewinnen.} 18. Rg1 ({Besser ist} 18. Qc3 $15 f6 19. Nxg7 $1 {[%mdl 512]} Kxg7 20. gxf6+ Rxf6 21. Rg1+ Kf7 22. Rxd6 $1 {[%mdl 512]}) 18... Kh8 $1 $17 {Weiss muss nun ...Sb4 beachten.} ({Nur nicht} 18... Bxc4 $2 19. Nf6+ $1 {[%mdl 512]} Kh8 20. Nxe8 $18) 19. f4 $2 {[%mdl 8192] [#]} (19. Rd2 $17) 19... Nb4 $1 $19 {[%cal Bc6b4,Bb4a2,Ba2c3][%mdl 32]} 20. a3 Na2+ 21. Kb1 {[#]} Qa4 $1 {[%csl LRc4,LRd1][%cal Ra4d1]} 22. Rd4 (22. Rd2 $142 Nxe4 23. Kxa2 Nxd2 24. Qxd2 Bxc4+ 25. Bxc4 Qxc4+ 26. Ka1) 22... Rb3 23. Qd2 Nc3+ 24. Kc1 {[#]} Rxa3 $1 {[%mdl 512]} 25. Nxa3 (25. bxa3 Nb3+) 25... Nb3+ 26. Kc2 Nxd4+ 27. Kxc3 Qb3+ 28. Kxd4 c5# {Precision: Weiß = 25%, Schwarz = 65%.} 0-1

[Event "71st RUS-ch Higher League 2018"]
[Site "Yaroslavl"]
[Date "2018.07.05"]
[Round "9"]
[White "Sviridov, Valery"]
[Black "Gordievsky, Dmitry"]
[Result "1/2-1/2"]
[WhiteElo "2513"]
[BlackElo "2641"]
[Annotator "ChessBase"]
[PlyCount "107"]
[EventDate "2018.06.26"]
[EventType "swiss"]
[EventCountry "RUS"]
[SourceTitle "playchess.com"]
[Source "ChessBase"]
[SourceQuality "1"]
[TimeControl "40/5400+30:1800+30"]

1. Nf3 {[%emt 0:00:00]} c5 {[%emt 0:00:24]} 2. g3 {[%emt 0:00:25]} g6 {[%emt 0:00:43]} 3. Bg2 {[%emt 0:00:17]} Bg7 {[%emt 0:00:09]} 4. O-O {[%emt 0:00:18]} Nc6 {[%emt 0:01:12]} 5. c4 {[%emt 0:00:55]} e6 {[%emt 0:01:51]} 6. Nc3 {[%emt 0:00:56]} Nge7 {[%emt 0:02:08]} 7. e3 {[%emt 0:01:52]} O-O {[%emt 0:05:23]} 8. d4 {[%emt 0:02:38]} d6 {[%emt 0:00:23]} 9. b3 {[%emt 0:07:42]} Nf5 {[%emt 0:02:27]} 10. Ne2 {[%emt 0:01:12]} e5 {[%emt 0:06:52]} 11. dxe5 {[%emt 0:05:30]} dxe5 {[%emt 0:00:09]} 12. Nd2 {[%emt 0:00:37]} Nfe7 {[%emt 0:13:40]} 13. Ne4 {[%emt 0:02:17]} b6 {[%emt 0:01:20]} 14. Bb2 {[%emt 0:01:04]} f5 {[%emt 0:05:54]} 15. Nd6 {[%emt 0:12:08]} Be6 {[%emt 0:00:57]} 16. Qd2 {[%emt 0:00:18]} a6 {[%emt 0:06:53]} 17. f4 {[%emt 0:05:03]} e4 {[%emt 0:01:15]} 18. Bxg7 {[%emt 0:00:18]} Kxg7 {[%emt 0:00:07]} 19. Rad1 {[%emt 0:04:43]} Qc7 {[%emt 0:02:55]} 20. Bh3 {[%emt 0:01:18]} Nd8 {[%emt 0:24:52]} 21. g4 {[%emt 0:04:54]} fxg4 {[%emt 0:07:06]} 22. Bg2 {[%emt 0:00:22]} Nf7 {[%emt 0:03:24]} 23. Qc3+ {[%emt 0:01:54]} Kh6 {[%emt 0:00:38]} 24. Nxe4 {[%emt 0:00:20]} Rad8 {[%emt 0:03:04]} 25. Nf2 {[%emt 0:03:58]} Ng8 {[%emt 0:03:40]} 26. Rde1 {[%emt 0:02:12]} Qd6 {[%emt 0:01:39]} 27. Ng3 {[%emt 0:01:33]} Qd2 {[%emt 0:01:04]} 28. Qa1 {[%emt 0:00:32]} Qd6 {[%emt 0:02:16]} 29. Nfe4 {[%emt 0:06:34]} Qe7 {[%emt 0:00:00]} 30. Nc3 {[%emt 0:00:44]} Qf6 {[%emt 0:01:48]} 31. e4 {[%emt 0:01:49]} Bc8 {[%emt 0:00:44]} 32. e5 {[%emt 0:00:24]} Qh4 {[%emt 0:00:21]} 33. f5 {[%emt 0:04:39]} gxf5 {[%emt 0:00:02]} 34. e6 {[%emt 0:05:32]} Nd6 {[%emt 0:00:07]} 35. Nd5 {[%emt 0:00:07]} Ne7 {[%emt 0:00:38]} 36. Qe5 {[%emt 0:00:53]} Kg6 {[%emt 0:00:57]} 37. Ne2 {[%emt 0:03:08]} Nxd5 {[%emt 0:00:25]} 38. cxd5 {[%emt 0:00:09]} Qe7 {[%emt 0:00:40]} 39. Nf4+ {[%emt 0:00:31]} Kh6 {[%emt 0:00:10]} 40. h3 {[%emt 0:00:00]} g3 {[%emt 0:00:00]} 41. Re3 {[%emt 0:01:16]} Rg8 {[%emt 0:01:50]} 42. Bf3 {[%emt 0:05:48]} Rdf8 {[%emt 0:07:35]} 43. Be2 {[%emt 0:03:44]} g2 {[%emt 0:03:49]} 44. Rf2 {[%emt 0:00:43]} Ne4 {[%emt 0:10:21]} 45. Rxe4 {[%emt 0:01:53]} Qh4 {[%emt 0:01:37]} 46. Ng6 {[%emt 0:01:45]} Qxf2+ {[%emt 0:01:04]} 47. Kxf2 {[%emt 0:00:07]} fxe4+ {[%emt 0:00:08]} 48. Kg1 {[%emt 0:00:05]} hxg6 {[%emt 0:00:50]} 49. e7 {[%emt 0:00:41]} Bxh3 {[%emt 0:00:23]} 50. exf8=Q+ {[%emt 0:01:20]} Rxf8 {[%emt 0:00:06]} 51. Kh2 {[%emt 0:04:28]} Rf1 {[%emt 0:00:04]} 52. Qh8+ {[%emt 0:00:12]} Kg5 {[%emt 0:00:03]} 53. Qe5+ {[%emt 0:00:27]} Kh6 {[%emt 0:00:07]} 54. Qh8+ {[%emt 0:00:11]} 1/2-1/2

[Event "71st RUS-ch Higher League 2018"]
[Site "Yaroslavl"]
[Date "2018.07.05"]
[Round "9"]
[White "Iskusnyh, Sergei"]
[Black "Alekseev, Evgeny"]
[Result "0-1"]
[WhiteElo "2473"]
[BlackElo "2627"]
[Annotator "ChessBase"]
[PlyCount "102"]
[EventDate "2018.06.26"]
[EventType "swiss"]
[EventCountry "RUS"]
[SourceTitle "playchess.com"]
[Source "ChessBase"]
[SourceQuality "1"]
[TimeControl "40/5400+30:1800+30"]

1. d4 {[%emt 0:00:00]} Nf6 {[%emt 0:00:00]} 2. c4 {[%emt 0:00:00]} e6 {[%emt 0:00:00]} 3. g3 {[%emt 0:00:07]} c5 {[%emt 0:00:28]} 4. Nf3 {[%emt 0:00:25]} cxd4 {[%emt 0:02:03]} 5. Nxd4 {[%emt 0:00:19]} d5 {[%emt 0:04:29]} 6. Bg2 {[%emt 0:02:04]} e5 {[%emt 0:02:11]} 7. Nf3 {[%emt 0:00:52]} d4 {[%emt 0:00:30]} 8. O-O {[%emt 0:00:08]} Nc6 {[%emt 0:00:12]} 9. e3 {[%emt 0:00:05]} Be7 {[%emt 0:00:41]} 10. exd4 {[%emt 0:00:20]} exd4 {[%emt 0:00:05]} 11. Bf4 {[%emt 0:00:51]} Be6 {[%emt 0:03:38]} 12. Ne5 {[%emt 0:10:13]} Rc8 {[%emt 0:16:22]} 13. Nd2 {[%emt 0:12:34]} O-O {[%emt 0:01:26]} 14. Re1 {[%emt 0:09:26]} Qb6 {[%emt 0:30:15]} 15. a3 {[%emt 0:01:41]} a5 {[%emt 0:07:14]} 16. Qb3 {[%emt 0:11:42]} Qa6 {[%emt 0:01:23]} 17. Rac1 {[%emt 0:08:45]} Nh5 {[%emt 0:10:58]} 18. Nd3 {[%emt 0:13:50]} Rfe8 {[%emt 0:09:56]} 19. Qb5 {[%emt 0:10:33]} g6 {[%emt 0:00:05]} 20. Bh6 {[%emt 0:09:43]} a4 {[%emt 0:02:11]} 21. Nc5 {[%emt 0:01:40]} Bxc5 {[%emt 0:02:20]} 22. Qxc5 {[%emt 0:00:01]} Red8 {[%emt 0:00:30]} 23. Bd5 {[%emt 0:02:24]} b6 {[%emt 0:01:38]} 24. Qb5 {[%emt 0:02:08]} Qxb5 {[%emt 0:00:05]} 25. cxb5 {[%emt 0:00:05]} Bxd5 {[%emt 0:00:13]} 26. bxc6 {[%emt 0:00:06]} Rxc6 {[%emt 0:00:22]} 27. Rxc6 {[%emt 0:02:16]} Bxc6 {[%emt 0:00:01]} 28. f3 {[%emt 0:00:13]} Bd5 {[%emt 0:02:38]} 29. Kf2 {[%emt 0:00:37]} Ng7 {[%emt 0:01:13]} 30. Rc1 {[%emt 0:01:15]} Ne6 {[%emt 0:00:32]} 31. g4 {[%emt 0:00:19]} f6 {[%emt 0:00:31]} 32. h4 {[%emt 0:00:36]} Kf7 {[%emt 0:00:23]} 33. Nc4 {[%emt 0:00:11]} Bxc4 {[%emt 0:01:24]} 34. Rxc4 {[%emt 0:00:02]} g5 {[%emt 0:00:04]} 35. hxg5 {[%emt 0:01:26]} fxg5 {[%emt 0:00:05]} 36. Rc6 {[%emt 0:00:05]} b5 {[%emt 0:00:57]} 37. Ke2 {[%emt 0:00:20]} d3+ {[%emt 0:00:10]} 38. Kd1 {[%emt 0:00:28]} Rd5 {[%emt 0:00:15]} 39. Rc8 {[%emt 0:00:53]} Rd6 {[%emt 0:00:55]} 40. Kd2 {[%emt 0:00:00]} Nd4 {[%emt 0:00:00]} 41. Rc7+ {[%emt 0:01:49]} Kg6 {[%emt 0:01:41]} 42. Bf8 {[%emt 0:00:06]} Nxf3+ {[%emt 0:00:29]} 43. Kd1 {[%emt 0:00:09]} Re6 {[%emt 0:13:02]} 44. Bb4 {[%emt 0:00:25]} d2 {[%emt 0:00:15]} 45. Kc2 {[%emt 0:01:48]} Re1 {[%emt 0:00:21]} 46. Rc6+ {[%emt 0:00:20]} Kf7 {[%emt 0:00:18]} 47. Rc7+ {[%emt 0:00:25]} Ke6 {[%emt 0:03:04]} 48. Bxd2 {[%emt 0:02:07]} Re2 {[%emt 0:00:08]} 49. Kd3 {[%emt 0:00:07]} Rxd2+ {[%emt 0:00:20]} 50. Ke3 {[%emt 0:00:04]} Rd7 {[%emt 0:01:41]} 51. Rc5 {[%emt 0:00:31]} Ne5 {[%emt 0:00:30] Kd4} 0-1